Something borrowed : Darcy & Rachel / Emily Giffin.
Something Borrowed tells the story of Rachel, a young attorney living and working in Manhattan. Rachel has always been the consummate good girl—until her thirtieth birthday, when her best friend, Darcy, throws her a party. That night, after too many drinks, Rachel ends up in bed with Darcy's fiancé. Although she wakes up determined to put the one-night fling behind her, Rachel is horrified to discover that she has genuine feelings for the one guy she should run from. As the September wedding date nears, Rachel knows she has to make a choice. In doing so, she discovers that the lines between right and wrong can be blurry, endings aren't always neat, and sometimes you have to risk all to win true happiness.
Record details
- ISBN: 031232118X
- ISBN: 9780312321185
- ISBN: 0312321198
- ISBN: 9780312321192
- Physical Description: 322 pages ; 25 cm
- Edition: First edition.
- Publisher: New York : St. Martins Press, [2004]
Search for related items by subject
| Subject: | Triangles (Interpersonal relations) > Fiction. Risk-taking (Psychology) > Fiction. Female friendship > Fiction. Single women > Fiction. |
| Genre: | Psychological fiction. Romance fiction. |
Search for related items by series
Available copies
- 1 of 1 copy available at scottsboropl.
Holds
- 0 current holds with 1 total copy.
Show Only Available Copies
| Location | Call Number / Copy Notes | Barcode | Shelving Location | Status | Due Date |
|---|---|---|---|---|---|
| scottsboropl | F Gri | 32269001017659 | Adult - Fiction | Available | - |
| LDR | 00914nam a2200289 a 4500 | ||
|---|---|---|---|
| 001 | 120778 | ||
| 003 | SBPL | ||
| 005 | 20140703082257.0 | ||
| 008 | 040107s2004 nyu 000 1 eng | ||
| 010 | . | ‡a 2004040563 | |
| 020 | . | ‡a031232118X ‡q(hardcover) | |
| 020 | . | ‡a9780312321185 ‡q(hardcover) | |
| 020 | . | ‡a0312321198 ‡q(paperback) | |
| 020 | . | ‡a9780312321192 ‡q(paperback) | |
| 035 | . | ‡a(CONS)120778 | |
| 035 | . | ‡a(CPomAG)LMN429557 | |
| 050 | 0 | 0. | ‡aPS3607.I28 ‡bS66 2004 |
| 082 | 0 | 0. | ‡a813/.6 ‡222 |
| 100 | 1 | . | ‡aGiffin, Emily. : ‡eauthor |
| 245 | 1 | 0. | ‡aSomething borrowed : ‡bDarcy & Rachel / ‡cEmily Giffin. |
| 250 | . | ‡aFirst edition. | |
| 264 | 1. | ‡aNew York : ‡bSt. Martins Press, ‡c[2004] | |
| 300 | . | ‡a322 pages ; ‡c25 cm | |
| 336 | . | ‡atext ‡btxt ‡2rdacontent | |
| 337 | . | ‡aunmediated ‡bn ‡2rdamedia | |
| 338 | . | ‡avolume ‡bnc ‡2rdacarrier | |
| 380 | . | ‡aFiction ‡2marcgt | |
| 490 | 1 | . | ‡aDarcy & Rachel ; ‡vBk 1 |
| 520 | 0. | ‡aSomething Borrowed tells the story of Rachel, a young attorney living and working in Manhattan. Rachel has always been the consummate good girl—until her thirtieth birthday, when her best friend, Darcy, throws her a party. That night, after too many drinks, Rachel ends up in bed with Darcy's fiancé. Although she wakes up determined to put the one-night fling behind her, Rachel is horrified to discover that she has genuine feelings for the one guy she should run from. As the September wedding date nears, Rachel knows she has to make a choice. In doing so, she discovers that the lines between right and wrong can be blurry, endings aren't always neat, and sometimes you have to risk all to win true happiness. | |
| 650 | 0. | ‡aTriangles (Interpersonal relations) ‡vFiction. | |
| 650 | 0. | ‡aRisk-taking (Psychology) ‡vFiction. | |
| 650 | 0. | ‡aFemale friendship ‡vFiction. | |
| 650 | 0. | ‡aSingle women ‡vFiction. | |
| 655 | 7. | ‡aPsychological fiction. ‡2lcgft | |
| 655 | 7. | ‡aRomance fiction. ‡2lcgft | |
| 830 | 0. | ‡aDarcy & Rachel ; ‡vBk 1. | |
| 901 | . | ‡a120778 ‡bUnknown ‡c120778 ‡tbiblio | |